Aplikácia modelovania a simulácie v logistike podniku

Podrobná bibliografia
Hlavný autor: Malindžák, Dušan, 1951- (Autor)
Médium: Kniha
Jazyk:slovenčina
čeština
Fyzický popis:286 s. tab., sch. 29 cm
Vydavateľské údaje: Košice Technická univerzita, Fakulta BERG 2009
ISBN:9788055302645
Vydanie:1. vyd.
Predmet:

MARC

LEADER 00000nam a2200000 a 4500
001 vtls010091250
003 SK-MaSNL
005 20260301030732.0
008 240318s2009 xo l d p 000 0 slo
015 |a SNBA2010/07-03680 
020 |a 9788055302645  |q (brož.) 
035 |a D498C95D-56D0-4CE1-9061-FB44B1262E3D 
035 |a urn:nbn:sk:snk-amk14r 
035 |a urn:nbn:sk:snk-am00876v 
040 |a SNK  |b slo  |c SNK  |e AACR2 
041 0 |a slo  |a cze 
044 |a xo  |c SK 
072 7 |a 005  |x Manažment. Riadenie  |2 konspekt 
080 |a 005.51  |2 2001 
080 |a 334.72  |2 2001 
080 |a 004.94  |2 2001 
080 |a (075.8)  |2 2001 
100 1 |a Malindžák, Dušan,  |d 1951-  |4 aut  |9 110875 
245 1 0 |a Aplikácia modelovania a simulácie v logistike podniku  |c Dušan Malindžák a kol. 
250 |a 1. vyd. 
260 |a Košice  |b Technická univerzita, Fakulta BERG  |c 2009 
300 |a 286 s.  |b tab., sch.  |c 29 cm 
366 |e 400 výt. 
500 |a Zozn. skrat. 
546 |a Text aj čes. 
650 0 7 |a logistika (manažment)  |2 SNKPH  |9 3620 
650 0 7 |a podniky  |2 SNKPH  |9 923 
650 0 7 |a modelovanie a simulácia  |2 SNKPH  |9 3666 
655 7 |a učebnice vysokých škôl  |2 SNKPH  |9 70191 
919 |a 978-80-553-0264-5 
958 |a OND 
968 |d 0 
999 |c 575083  |d 577013 
952 |a SNK  |b SNK  |y PREZ  |7 0  |p 17A0658272  |o snkSB 79427  |i snk2010/9312  |8 0  |0 0  |1 0  |4 0  |d 2010-05-03  |f 1  |l 0  |r 2025-04-30 00:00:00  |w 2026-02-23 
952 |a SNK  |b SNK  |y VYP  |7 0  |p 17A0658271  |o snkSB 79427 D1  |i snk2010/9313  |8 0  |0 0  |1 0  |4 0  |d 2010-05-03  |l 0  |r 2016-06-30 00:00:00  |w 2026-02-23